Responses for Show #4878 - Wednesday, November 23, 2005

Bill MacDonald game 2.

Contestants

[<< previous game]

Scott Zimmerman, a high school director from West Grove, Pennsylvania

Beth Chalecki, a Ph.D. student from Medford, Massachusetts

Bill MacDonald, an attorney from Bonita Springs, Florida (whose 1-day cash winnings total $18,199)

[next game >>]

Jeopardy! Round responses

CITY SEALS
A BROADWAY MUSICAL QUIZ
SOLD!
GUNS
DEPARTMENT "S"
HIDDEN INSTRUMENTS
(Alex: ...the name of a musical instrument will appear in each clue, and the letters will not be jumbled. They will be in order. But they might be in different words!)
    $200 12
Las Vegas

Beth
    $200 14
(John) Lennon

Bill
    $200 6
a grandfather clock

Beth
    $200 26
a sniper

Bill
    $200 7
submarine

Bill
    $200 1
cello (in Cancel long)

Bill
    $400 13
Honolulu

Scott
    $400 16
David Hyde Pierce

Beth
    $400 20
Scotland

Scott
    $400 27
machine guns

Beth
    $400 8
sit-in

Bill
    $400 2
timpani (in Tim panicked)

Bill
    $600 15
(Bill: What is Springfield?)

Lincoln

BillScott
    $600 17
Richard Rodgers

Triple Stumper
    $600 21
(Bill: What is The House of Seven Gables?)
(Beth: What is The Last of the Mohicans?)

The Scarlet Letter

BillBethScott
    $600 28
birdshot

Bill
    $600 9
South Korea

Bill
    $600 3
bassoon (in barabas soon)

Bill
    $800 18
Edison

Beth
    $2,000 24
La Cage aux Folles

Scott
    $800 22
a sculpture

Triple Stumper
    $800 29
the Daisy Company

Triple Stumper
    $800 10
Singapore

Triple Stumper
    $800 4
lyre (in carefully replace)

Bill
    $1000 19
the Manhattan Indians

Triple Stumper
    $1000 25
(Wilkie) Collins

Bill
    $1000 23
(Bill: What is a donkey?)

an airplane

Bill
Triple Stumper
    $1000 30
(Bill: What is a charge?)

a battery

Bill
Triple Stumper
    $1000 11
silicon

Bill
    $1000 5
(Alex: All right, you did well, Bill, you've got $2,000, let's go somewhere else.)

organ (in nor gandalf)

Triple Stumper

Scores at the first commercial break (after clue 15):

Bill Beth Scott
$3,800 $400 $1,000

Scores at the end of the Jeopardy! Round:

Bill Beth Scott
$3,000 $1,400 $4,000

Double Jeopardy! Round responses

1945
BEST FOREIGN LANGUAGE FILM
(Alex: We'll give you the year and the film, you name the country represented by that motion picture.)
FICTIONAL BATTLES & WARS
CONTEMPORARY ART MUSEUMS
VENOMOUS ARTHROPODS
IT'S A "CIN"
    $400 15
fluoride

Scott
    $400 21
Canada

Triple Stumper
    $400 6
Gulliver

Scott
    $400 25
a (public) school

Scott
    $400 10
(Bill: What is a wasp?)

a bumblebee

Bill
Triple Stumper
    $400 1
cinéma vérité

Bill
    $800 16
FDR

Bill
    $800 22
Italy

Bill
    $800 7
The Two Towers

Beth
    $800 26
(Yoko) Ono

Bill
    $800 11
(Bill: What is a tarantula?)
(Beth: What is a black widow?)
...
(Alex: What is the [*], [*], that stinging tail.)

scorpion

BillBeth
Triple Stumper
    $800 2
a cinch

Beth
    $1200 17
"Sentimental Journey"

Bill
    $1200 23
(Beth: What is China?)
(Bill: What is Hong Kong?)

Taiwan

BillBeth
Triple Stumper
    $1,500 8
(Beth: What is Don Quixote?)
(Alex: No, that's way before 1945. [*].)

Animal Farm

Beth
    $1200 28
Le Centre Pompidou

Scott
    $1200 12
(Alex: [*], now's the time for that response, yes.)

wasp

Bill
    $1200 3
cinders

Beth
    $1600 18
(Alex: Yes, the traitor.)

Quisling

Bill
    $1600 24
(Scott: What is Germany?)

Hungary

Scott
Triple Stumper
    $1600 9
Starship Troopers

Bill
    $1600 29
Pablo Picasso

Triple Stumper
    $1600 13
the brown recluse

Bill
    $1600 4
Jean Racine

Triple Stumper
    $2000 19
(Ezra) Pound

Scott
    $2000 27
(Beth: What is Russia?)

the Czech Republic

Beth
Triple Stumper
    $2000 20
Arrakis

Bill
    $6,000 30
(Scott: What is Los Angeles?)
(Alex: No, you picked the wrong one, [*], [*].)

Cincinnati

Scott
    $2000 14
(Alex: It's a kind of [*], [*]. Make a good poison if you take one, crush it... well, that's another story.)

beetle

Triple Stumper
    $2000 5
(Beth: What is oxytocin?)

pitocin

Beth
Triple Stumper

Scores at the end of the Double Jeopardy! Round:

Bill Beth Scott
$12,600 -$3,300 $800
(lock game)

[wagering suggestions for these scores]

Final Jeopardy! Round responses

THE UNITED NATIONS
(Alex: No, [*]. Remember apartheid?)
ScottWhat is Vietnam?
$0
BillWhat is Vietnam?
$7,400
South Africa

Final scores:

Bill Beth Scott
$5,200 -$3,300 $800
2-day champion: $23,399 3rd place: $1,000 2nd place: $2,000

Game dynamics:

Coryat scores:

Bill Beth Scott
$12,600 -$1,800 $5,600
22 R,
7 W
8 R,
6 W
(including 1 DD)
10 R
(including 1 DD),
2 W
(including 1 DD)

Combined Coryat: $16,400

[game clues] [game scores] [suggest correction]

Game tape date: 2005-08-17
The J! Archive is created by fans, for fans. Scraping, republication, monetization, and malicious use prohibited; this site may use cookies and collect identifying information. See terms. The Jeopardy! game show and all elements thereof, including but not limited to copyright and trademark thereto, are the property of Jeopardy Productions, Inc. and are protected under law. This website is not affiliated with, sponsored by, or operated by Jeopardy Productions, Inc. Join the discussion at JBoard.tv.